000
00293nam a22000977a 4500
999
_c
2748
_d
2748
008
180611b ||||| |||| 00| 0 eng d
100
_a
American Philatelic Society
245
_a
Manual of philatelic judging (2nd ed. 1983)
260
_a
State College, PA
_b
APS
_c
1983
650
_a
Exhibitions | Judging